| 000 | 01418cam a22003374a 4500 | ||
|---|---|---|---|
| 005 | 20260322212036.0 | ||
| 008 | data | ||
| 010 | _a 2004049188 | ||
| 020 | _a9780060851552 | ||
| 020 | _a0060851554 | ||
| 040 |
_aDLC _cDLC _dDLC |
||
| 042 | _apcc | ||
| 043 | _an-us-dc | ||
| 050 | 0 | 0 |
_aTL506.U6 _bW376 2006 |
| 082 | 0 | 0 |
_a629.13/074/753 _222 |
| 092 | _a629.13 W376 2006 | ||
| 245 | 0 | 0 |
_aBest of the National Air and Space Museum / _cedited by National Air and Space Museum & Robert Van der Linden. |
| 250 | _a1st Smithsonian Books ed. | ||
| 260 |
_aNew York, NY : _bCollins, _aNew York, NY : _bCollins, _c2006. |
||
| 300 |
_axvi, 208 p. : _bill. (some col.) ; _c29 cm. |
||
| 500 | _aIncludes index. | ||
| 610 | 2 | 0 |
_aNational Air and Space Museum _vCatalogs. |
| 700 | 1 | _aVan der Linden, Robert. | |
| 710 | 2 | _aNational Air and Space Museum. | |
| 856 | 4 | 2 |
_3Contributor biographical information _uhttp://www.loc.gov/catdir/enhancements/fy0911/2004049188-b.html |
| 856 | 4 | 2 |
_3Publisher description _uhttp://www.loc.gov/catdir/enhancements/fy0911/2004049188-d.html |
| 906 |
_a7 _bcbc _corignew _d1 _eocip _f20 _gy-gencatlg |
||
| 925 | 0 |
_aacquire _b2 shelf copies _xpolicy default |
|
| 955 |
_djg12 2004-05-12 _ejg07 2004-05-12 to Dewey _fpv11 2006-09-14 CIP ver. to BCCD |
||
| 001 | data | ||
| 999 |
_c834 _d834 |
||